000 00826nac a22002417a 4500
001 BR8207103
003 BR-BrBNA
005 20240105115558.0
008 230509b bl.|||m| |||| 00| 0 por d
040 _aBR-BrBNA
_bpor
_cBiblioteca Nacional de Agricultura
072 _aU30; E50
090 _aU30 BR8207103
110 1 _aCooperativa Central dos Produtores de Acucar e Alcool do Estado de Sao Paulo, Sao Paulo (Brasil)
_92827
245 1 _aTrabalhos em laboratorio. Instrucoes de seguranca
260 3 _aSao Paulo, SP (Brasil):
_c1982.
300 _a11 p.
490 _aCadernos Copersucar. Serie Seguranca Agroindustrial (Brazil)
_vno. 19
_x
650 _aLABORATORIO
650 _aINDUSTRIA AGRICOLA
650 _aPREVENCAO DE ACIDENTE
909 _a202312
_bLúcia Elande
_c55
_dLúcia Elande
942 _2AGRIS
_n0
_cMS
999 _c275405
_d275405